Associe villes et départements (Click extrême) - Statistiques

Statistiques générales
  • Ce quiz a été pris 38 fois
  • Le résultat moyen est 8 sur 15
Statistiques - réponses
Hint Réponse % Correct
Sartène Corse-du-Sud
81%
La Souterraine Creuse
69%
Yssingeaux Haute-Loire
69%
Mougins Alpes-Maritimes
59%
Louhans Saône-et-Loire
56%
Givet Ardennes
53%
Camaret-sur-Mer Finistère
53%
Luxeuil-les-Bains Haute-Saône
50%
Ruffec Charente
47%
Poligny Jura
47%
Guillestre Hautes-Alpes
41%
Pontcharra Isère
41%
Mers-les-Bains Somme
41%
Toulouges Pyrénées-Orientales
38%
Cazères Haute-Garonne
34%
Aucun quiz correspondant
Distribution des résultats
% des personnes avec chaque résultat
Percentile par nombre de réponses
Votre historique - résultats
Vous n’avez pas pris ce quiz